Mezclas asfálticas en frío

Uloženo v:
Podrobná bibliografie
Hlavní autor: González Murillo, Claudio
Médium: Kniha
Vydáno: San José, C.R. 1997
Témata:
Tagy: Přidat tag
Žádné tagy, Buďte první, kdo vytvoří štítek k tomuto záznamu!

MARC

LEADER 00000nam a2200000Ia 4500
003 008226
005 20221231144230.0
008 140114s1997 c a m 000 ||s d
040 |c cru CEDI 
090 |a TFG 3676 
100 |a González Murillo, Claudio  |9 9414 
245 |a Mezclas asfálticas en frío 
260 |c 1997  |a  San José, C.R. 
300 |a  xi, 66 hojas : ilustraciones  
500 |a  Proyecto de graduación (licenciatura en ingeniería civil)--Universidad de Costa Rica. Facultad de Ingeniería. Escuela de Ingeniería Civil 
650 |x EMULSIONES ASFALTICAS   |x ASFALTO  |9 7632 
942 |c TFG 
999 |c 18804  |d 18804